Musicologica Istropolitana [yearbook of the Department of Musicology at Comenius University's Faculty of Philosophy, Bratislava]

Bibliographic Details
Other Authors: Hulková, Marta, 1953- (Editor), Chalupka, Ľubomír, 1945-2020 (Editor), Bartová, Jana, 1964- (Editor)
Format: Serial
Language:German
English
Slovak
Czech
Polish
PhysicalDescription:zv. ilustr. 25 cm
Published: Bratislava STIMUL 2002-
Bratislava Univerzita Komenského
Bratislava
ISBN:8088982685 (brož. : roč. I)
8088982804 (brož. : roč. II)
8088982936 (brož. : roč. III)
808923612X (brož. : roč. IV)
9788089236183 (brož. : roč. V)
9788089236435 (brož. : roč. VI)
9788089236602 (brož. : roč. VII)
9788089236954 (brož. : roč. VIII-IX)
9788081270840 (brož. : roč. X-XI)
9788022341004 (brož. : roč. XII)
9788081272066 (brož. : roč. XIII)
Subjects:

MARC

LEADER 00000nas a2200000 a 4500
001 vtls001485690
003 SK-MaSNL
005 20260228160743.0
008 080723c20029999xo ar 0 0b0ger
015 |a SNBB2006/01-00285 (I/2002)  |a SNBB2006/01-00286 (II/2003)  |a SNBB2006/01-00287 (III/2004)  |a SNBB2007/03-00796 (IV/2005)  |a SNBB2007/03-00797 (V/2006)  |a SNBB2008/03-01179 (VI/2007)  |a SNBB2010/02-01371 (VII/2008)  |a SNBB2012/01-00136 (VIII-IX/2009-2010)  |a SNBB2014-(X-XI/2011-2012)  |a SNBB2016-(XII/2016)  |a SNBB2018-(XIII/2017) 
020 |a 8088982685 (brož. : roč. I) 
020 |a 8088982804 (brož. : roč. II) 
020 |a 8088982936 (brož. : roč. III) 
020 |a 808923612X (brož. : roč. IV) 
020 |a 9788089236183 (brož. : roč. V) 
020 |a 9788089236435 (brož. : roč. VI) 
020 |a 9788089236602 (brož. : roč. VII) 
020 |a 9788089236954 (brož. : roč. VIII-IX) 
020 |a 9788081270840 (brož. : roč. X-XI) 
020 |a 9788022341004 (brož. : roč. XII) 
020 |a 9788081272066 (brož. : roč. XIII) 
035 |a SNK000440983 
040 |a SNK  |b slo  |c SNK  |d SAVUK  |e AACR2 
041 0 |a ger  |a eng  |a slo  |a cze  |a pol  |b slo  |b ger  |b eng 
044 |a xo  |c SK 
072 7 |a 78.01  |x Muzikológia. Dejiny hudby  |2 konspekt 
080 |a (082)  |2 2001 
080 |a (058)  |2 2001 
080 |a 78.01  |2 2001 
245 0 0 |a Musicologica Istropolitana  |b [yearbook of the Department of Musicology at Comenius University's Faculty of Philosophy, Bratislava] 
246 1 3 |a Paths of musicology in Central Europe  |f XII/2016 
246 1 3 |a Wege der Musikwissenschaft in Mitteleuropa  |f XII/2016 
246 1 3 |a Cesty hudobnej vedy v strednej Európe  |f XII/2016 
246 1 3 |a The Reception of the Italian Small-Scale Motet in Central Europe  |f XIII/2017 
260 |a Bratislava  |b STIMUL  |c 2002- 
260 2 |3 2016  |a Bratislava  |b Univerzita Komenského 
260 3 |3 2017-  |a Bratislava  |b STIMUL 
300 |a zv.  |b ilustr.  |c 25 cm 
310 |a 1x ročne 
362 0 |a I (2002)- 
500 |a Editori: I (2002), Marta Hulková, Ľubomír Chalupka ; II (2003)-XII (2016), Marta Hulková ; XIII (2017), Jana Kalinayová-Bartová 
500 |a Vydáva: Katedra hudobnej vedy Filozofickej fakulty Univerzity Komenského v Bratislave 
504 |a Bibliogr. odkazy ; pozn. 
546 |a Text nem., angl., slov. aj poľ. ; res. slov., nem. angl. 
650 0 7 |a muzikológia  |2 SNKPH  |9 3175 
650 0 7 |a Musicology  |2 SNKPHeng  |9 265674 
655 7 |a zborníky  |2 SNKPH  |9 70165 
655 7 |a ročenky  |2 SNKPH  |9 57146 
655 7 |a Papers of several authors  |2 SNKPHeng  |9 153738 
655 7 |a Yearbooks  |2 SNKPHeng  |9 120938 
700 1 |a Hulková, Marta,  |d 1953-  |4 edt  |9 196646 
700 1 |a Chalupka, Ľubomír,  |d 1945-2020  |4 edt  |9 196600 
700 1 |a Bartová, Jana,  |d 1964-  |4 edt  |9 217632 
710 2 |a Univerzita Komenského v Bratislave.  |b Filozofická fakulta.  |b Katedra hudobnej vedy  |4 pbl 
910 |a snk 
910 |a savuk 
910 |a kuruk 
910 |a aubb 
910 |a snmk 
919 |a 80-88982-68-5 
919 |a 80-88982-80-4 
919 |a 80-88982-93-6 
919 |a 80-89236-12-X 
919 |a 978-80-89236-18-3 
919 |a 978-80-89236-43-5 
919 |a 978-80-89236-60-2 
919 |a 978-80-89236-95-4 
919 |a 978-80-8127-084-0 
919 |a 978-80-223-4100-4 
919 |a 978-80-8127-206-6 
958 |a NB 
999 |c 3540  |d 5470 
952 |0 0  |1 0  |4 0  |7 0  |8 0  |a SNK  |b SNK  |d 2005-11-09  |f 1  |i snk2005/18951  |l 0  |o snkČSC 3386/3/2004  |p 17A0477610  |r 2026-02-21 19:30:24  |w 2026-02-21  |y PREZ 
952 |0 0  |1 0  |4 0  |7 0  |8 0  |a SNK  |b SNK  |d 2005-11-09  |i snk2005/18952  |l 0  |o snkČSC 3386/3/2004 D1  |p 17A0477611  |r 2026-02-21 19:30:24  |w 2026-02-21  |y PREZ 
952 |0 0  |1 0  |4 0  |7 0  |8 0  |a SNK  |b SNK  |d 2010-05-28  |f 1  |i snk2010/11530  |l 0  |o snkČSC 3386/7/2008  |p 17A0635990  |r 2026-02-21 19:32:33  |w 2026-02-21  |y PREZ 
952 |0 0  |1 0  |4 0  |7 0  |8 0  |a SNK  |b SNK  |d 2010-05-28  |i snk2010/11531  |l 0  |o snkČSC 3386/7/2008 D1  |p 17A0635991  |r 2026-02-21 19:32:33  |w 2026-02-21  |y PREZ 
952 |0 0  |1 0  |4 0  |7 0  |8 0  |a SNK  |b SNK  |d 2007-03-13  |f 1  |i snk2007/7069  |l 0  |o snkČSC 3386/4/2005  |p 17A0534398  |r 2026-02-21 20:22:14  |w 2026-02-21  |y PREZ 
952 |0 0  |1 0  |4 0  |7 0  |8 0  |a SNK  |b SNK  |d 2007-03-13  |i snk2007/7070  |l 0  |o snkČSC 3386/4/2005 D1  |p 17A0534399  |r 2026-02-21 20:27:23  |w 2026-02-21  |y PREZ 
952 |0 0  |1 0  |4 0  |7 0  |8 0  |a SNK  |b SNK  |d 2007-03-29  |f 1  |i snk2007/8711  |l 0  |o snkČSC 3386/5/2006  |p 17A0534683  |r 2026-02-21 20:27:47  |w 2026-02-21  |y PREZ 
952 |0 0  |1 0  |4 0  |7 0  |8 0  |a SNK  |b SNK  |d 2007-03-29  |i snk2007/8713  |l 0  |o snkČSC 3386/5/2006 D1  |p 17A0534684  |r 2026-02-21 20:27:47  |w 2026-02-21  |y PREZ 
952 |0 0  |1 0  |4 0  |7 0  |8 0  |a SNK  |b SNK  |d 2012-01-02  |f 1  |i snk2012/44  |l 0  |o snkČSC 3386/8-9/2009-2010  |p 17A0719084  |r 2026-02-21 20:29:49  |w 2026-02-21  |y PREZ 
952 |0 0  |1 0  |4 0  |7 0  |8 0  |a SNK  |b SNK  |d 2012-01-02  |i snk2012/45  |l 0  |o snkČSC 3386/8-9/2009-2010 D1  |p 17A0719085  |r 2026-02-21 20:29:49  |w 2026-02-21  |y PREZ 
952 |0 0  |1 0  |4 0  |7 0  |a SNK  |b SNK  |d 2004-11-18  |f 1  |i snkPV 1495/2004  |l 0  |o snkČSC 3386/1/2002  |p 17A0446057  |r 2005-01-02 00:00:00  |w 2026-02-21  |y PREZ 
952 |0 0  |1 0  |4 0  |7 0  |a SNK  |b SNK  |d 2004-11-18  |i snkPV 1496/2004  |l 0  |o snkČSC 3386/1/2002 D1  |p 17A0446058  |r 2005-01-02 00:00:00  |w 2026-02-21  |y PREZ 
952 |0 0  |1 0  |4 0  |7 0  |a SNK  |b SNK  |d 2004-11-18  |f 1  |i snkPV 1497/2004  |l 0  |o snkČSC 3386/2/2003  |p 17A0446070  |r 2005-01-02 00:00:00  |w 2026-02-21  |y PREZ 
952 |0 0  |1 0  |4 0  |7 0  |a SNK  |b SNK  |d 2004-11-18  |i snkPV 1498/2004  |l 0  |o snkČSC 3386/2/2003 D1  |p 17A0446071  |r 2005-01-02 00:00:00  |w 2026-02-21  |y PREZ 
952 |0 0  |1 0  |4 0  |7 0  |8 0  |a SNK  |b SNK  |d 2014-03-26  |f 1  |i snk2014/7906  |l 0  |o snkČSC 3386/10-11/2011-2012  |p 17A1046035  |r 2026-02-21 20:51:08  |w 2026-02-21  |y PREZ 
952 |0 0  |1 0  |4 0  |7 0  |8 0  |a SNK  |b SNK  |d 2014-03-26  |i snk2014/7907  |l 0  |o snkČSC 3386/10-11/2011-2012 D1  |p 17A1046036  |r 2026-02-21 20:51:09  |w 2026-02-21  |y PREZ 
952 |0 0  |1 0  |4 0  |7 0  |8 0  |a SNK  |b SNK  |d 2008-07-23  |f 1  |i snk2008/14504  |l 0  |o snkČSC 3386/6/2007  |p 17A0582483  |r 2026-02-21 21:30:01  |w 2026-02-21  |y PREZ 
952 |0 0  |1 0  |4 0  |7 0  |8 0  |a SNK  |b SNK  |d 2008-07-23  |i snk2008/14505  |l 0  |o snkČSC 3386/6/2007 D1  |p 17A0582484  |r 2026-02-21 21:30:01  |w 2026-02-21  |y PREZ 
952 |0 0  |1 0  |4 0  |7 0  |8 0  |a SNK  |b SNK  |d 2018-07-19  |f 1  |i snk2018/15411  |l 0  |o snkČSC 3386/13/2017  |p 17A1327289  |r 2026-02-21 22:19:40  |w 2026-02-21  |y PREZ 
952 |0 0  |1 0  |4 0  |7 0  |8 0  |a SNK  |b SNK  |d 2018-07-19  |i snk2018/15412  |l 0  |o snkČSC 3386/13/2017 D1  |p 17A1327295  |r 2026-02-21 22:19:40  |w 2026-02-21  |y PREZ 
952 |0 0  |1 0  |4 0  |7 0  |8 0  |a SNK  |b SNK  |d 2016-12-13  |f 1  |i snk2016/28751  |l 0  |o snkČSC 3386/12/2016  |p 17A1218955  |r 2026-02-21 22:24:47  |w 2026-02-21  |y PREZ 
952 |0 0  |1 0  |4 0  |7 0  |8 0  |a SNK  |b SNK  |d 2016-12-13  |i snk2016/28752  |l 0  |o snkČSC 3386/12/2016 D1  |p 17A1218956  |r 2026-02-21 22:24:47  |w 2026-02-21  |y PREZ